Pražská antroposofická moderna = Prager anthroposophische Moderne : 1907-1953 /

Korporativní autor: Rub Gallery (firma)
Další autoři: Voda, David, 1976-, Ohlídal, Anna, 1966-, Voda Eschgfäller, Sabine, 1976-, Charvát, Radovan, 1948-, Reittererová, Vlasta, 1947-, Vieweghová, Pavla, Steiner, Rudolf, 1861-1925, Galerie výtvarného umění (Cheb, Česko)
Jazyk: Němčina
Čeština
Vydáno: [Praha] : Arbor vitae, 2024
Vydání: Vydání první
Témata:
Fyzický popis: 535 stran : ilustrace (převážně barevné), portréty, faksimile ; 24 cm
Language note: Souběžný německý text
Knihy
Uloženo v:
LEADER 03573nam a2200817 i 4500
001 nkc20253685259
003 CZ PrNK
005 20260106140020.0
007 ta
008 250514s2024 xr ach f 001 0 cze
015 |a cnb003685259 
020 |a 978-80-88256-28-1  |q (vázáno) 
035 |a (OCoLC)1572323184 
040 |a ABA001  |b cze  |d OLA001  |e rda 
041 1 |a cze  |a ger  |h cze  |h ger 
043 |a e------  |a e-xr---  |b e-xr-pg  |2 czenas 
045 |a x0x5 
072 7 |a 7.01/.09  |x Umění  |2 Konspekt  |9 21 
080 |a 7.03  |2 MRF 
080 |a 7.071  |2 MRF 
080 |a 72/76  |2 MRF 
080 |a 141.333  |2 MRF 
080 |a 299.72  |2 MRF 
080 |a (4)  |2 MRF 
080 |a (437.311)  |2 MRF 
080 |a (048.8)  |2 MRF 
245 0 0 |a Pražská antroposofická moderna =  |b Prager anthroposophische Moderne : 1907-1953 /  |c David Voda (ed.) ; překlady do němčiny Anna Ohlidal, Sabine Voda Eschgfäller, překlady z němčiny Radovan Charvát, Vlasta Reittererová, Pavla Vieweghová, David Voda 
246 3 1 |a Prager anthroposophische Moderne 
250 |a Vydání první 
264 1 |a [Praha] :  |b Arbor vitae,  |c 2024 
300 |a 535 stran :  |b ilustrace (převážně barevné), portréty, faksimile ;  |c 24 cm 
336 |a text  |b txt  |2 rdacontent 
336 |a statický obraz  |b sti  |2 rdacontent 
337 |a bez média  |b n  |2 rdamedia 
338 |a svazek  |b nc  |2 rdacarrier 
500 |a "Kniha volně doprovází stejnojmenné výstavy v Rub Gallery Olomouc (30.3.-31.10.2025) a v Galerii výtvarného umění v Chebu (15.1.-31.10.2026)"--Tiráž 
500 |a Vydáno ke 100. výročí úmrtí Rudolfa Steinera 30. března 1925 
504 |a Obsahuje bibliografii, bibliografické odkazy a rejstřík 
546 |a Souběžný německý text 
600 1 7 |a Steiner, Rudolf,  |d 1861-1925  |7 jn19990009728  |2 czenas 
648 4 |a 1907-1953 
648 7 |a 20. století  |7 ch460558  |2 czenas 
650 0 7 |a umělecké směry a školy  |7 ph174173  |z Česko  |y 20. století  |2 czenas 
650 0 7 |a umělci  |7 ph116527  |z Evropa  |y 20. století  |2 czenas 
650 0 7 |a umění  |7 ph116538  |z Česko  |y 20. století  |2 czenas 
650 0 7 |a umění  |7 ph116538  |x antropozofické pojetí  |2 czenas 
650 0 7 |a antropozofické hnutí  |7 ph836150  |y 20. století  |2 czenas 
650 0 9 |a art styles and schools  |z Czechia  |y 20th century  |2 eczenas 
650 0 9 |a artists  |z Europe  |y 20th century  |2 eczenas 
650 0 9 |a art  |z Czechia  |y 20th century  |2 eczenas 
650 0 9 |a art  |x anthroposophical approach  |2 eczenas 
650 0 9 |a Anthroposophical movement  |y 20th century  |2 eczenas 
651 7 |a Praha (Česko)  |7 ge118011  |2 czenas 
651 9 |a Prague (Czechia)  |2 eczenas 
655 7 |a monografie  |7 fd132842  |2 czenas 
655 9 |a monographs  |2 eczenas 
700 1 |a Voda, David,  |d 1976-  |7 jo2003181546  |4 edt  |4 trl 
700 1 |a Ohlídal, Anna,  |d 1966-  |7 xx0015397  |4 trl 
700 1 |a Voda Eschgfäller, Sabine,  |d 1976-  |7 js20051212002  |4 trl 
700 1 |a Charvát, Radovan,  |d 1948-  |7 ola2003209129  |4 trl 
700 1 |a Reittererová, Vlasta,  |d 1947-  |7 jx20041019010  |4 trl 
700 1 |a Vieweghová, Pavla  |4 trl 
700 1 |a Steiner, Rudolf,  |d 1861-1925  |7 jn19990009728  |4 hnr 
710 2 |a Rub Gallery (firma)  |7 olak20251277778  |4 orm 
710 2 |a Galerie výtvarného umění (Cheb, Česko)  |7 mzk2007378287  |4 orm 
910 2 |a BOA001  |b 2-1552.461 
990 |a BK 
995 |a 01 
991 |b 202511  |c NOV 
996 6 |b 2611016812  |c 2-1552.461  |l MZK  |r Sklad / do 1 hodiny  |n 2  |p p.v.  |w 002022972  |u 000010  |a 1  |e BOA001  |j MZK50  |s P 
996 6 |b 2611017084  |c 2-1552.461  |l MZK  |r HSS 4p  |n 0  |p kup  |h 7 VOD  |w 002022972  |u 000020  |a 0  |e BOA001  |j MZK50  |s P